Country By Biggest City - Statistics

General Stats
  • This quiz has been taken 38 times
  • The average score is 15 of 15
Answer Stats
Biggest City Country % Correct
Buenos Aires Argentina
100%
Sydney Australia
100%
Sao Paulo Brazil
100%
Toronto Canada
100%
Shanghai China
100%
Berlin Germany
100%
New Delhi India
100%
Rome Italy
100%
Tokyo Japan
100%
Oslo Norway
100%
Ulaanbaatar Mongolia
97%
Johannesburg South Africa
97%
Casablanca Morocco
92%
Lagos Nigeria
92%
Kinshasa D. R. Congo
84%
No matching quizzes found
Score Distribution
Percent of People with Each Score
Percentile by Number Answered
Your Score History
You have not taken this quiz